9 orgasmos = 9 Songs /
Guardat en:
| Autor principal: | |
|---|---|
| Altres autors: | , , , , , |
| Format: | |
| Idioma: | anglès |
| Publicat: |
Londres, Inglaterra :
Revolution Films,
2004
|
| Matèries: | |
| Etiquetes: |
Sense etiquetes, Sigues el primer a etiquetar aquest registre!
|
MARC
| LEADER | 00000ngm^a2200000^a^4500 | ||
|---|---|---|---|
| 001 | 000193925 | ||
| 005 | 20251020000000.0 | ||
| 009 | 20260310102701.11 | ||
| 037 | |a Acervo ITESO - Biblioteca | ||
| 041 | |a ING | ||
| 082 | |a 820. |b WIN | ||
| 100 | |a Winterbottom, Michael |e (realización) | ||
| 245 | 1 | 0 | |a 9 orgasmos = |b 9 Songs / |c Realización de M. Winterbottom. |
| 264 | 1 | |a Londres, Inglaterra : |b Revolution Films, |c 2004 | |
| 264 | 2 | |a México : |b Videomax [distribución], |c 2006, c2006 | |
| 300 | |a 1 DVD regiones 1 y 4 |c (67 min.) + |e 1 lámina | ||
| 336 | |a imagen móvil bidimensional |b tdi |2 rdacontenido | ||
| 337 | |a video |b v |2 rdamedio | ||
| 338 | |a videodisco |b vd |2 rdasoporte | ||
| 546 | |a En inglés, con subtítulos opcionales: español, inglés | ||
| 546 | |a Doblaje opcional: español | ||
| 649 | |a XX | ||
| 650 | |a Películas Musicales | ||
| 650 | |a Cine Inglés - |y 2000-2009 | ||
| 650 | |a Cine Inglés - |y Siglo XXI | ||
| 650 | |a Cine y Video Digital - |z Inglaterra | ||
| 650 | |a Orgasmo | ||
| 650 | |a Satisfacción Sexual | ||
| 650 | |a Placer Sexual | ||
| 650 | |a Coito | ||
| 650 | |a Erotismo | ||
| 650 | |a Relaciones de Pareja | ||
| 650 | |a Sexualidad | ||
| 650 | |a Amor | ||
| 650 | |a Vida Privada | ||
| 650 | |a Memoria y Olvido | ||
| 650 | |a Memoria | ||
| 650 | |a Conciertos (Espectáculos) - |z Londres, Inglaterra | ||
| 650 | |a Música Popular Moderna - |z Inglaterra | ||
| 650 | |a Música Popular Moderna | ||
| 650 | |a Música Inglesa - |y Siglo XXI | ||
| 650 | |a Música en el Cine | ||
| 650 | |a Prácticas Culturales - |z Londres, Inglaterra | ||
| 700 | |a Winterbottom, Michael |e (guión) | ||
| 700 | |a Zyskind, Marcel |e (fotógrafo) | ||
| 700 | |a Whitecross, Mat |e (montaje) | ||
| 700 | |a Winterbottom, Michael |e (montaje) | ||
| 700 | |a O'Brien, Kieran |e (actuación) | ||
| 700 | |a Stilley, Margo |e (actuación) | ||
| 910 | |a Fondo General | ||
| 920 | |a Audiovisuales - DVDs | ||
| 940 | |a Películas | ||
| 905 | |a 302 | ||
| 901 | |a 0500131983 |b IT2 |c DVS |u 20250521 | ||
| 901 | |a 0500125038 |b IT2 |c MIN |u 20251020 | ||
| 902 | |a https://opac.biblio.iteso.mx/vufind/Record/000193925 | ||